000 00924na a2200229 4500
001 18840
003 MIRAKIL
005 20181213155047.0
008 161201b tu 000 0
040 _aMilas
_btur
_cTR-AnCHP
041 _atur
082 _a337.142
_bK28a 2006
090 _a337.142 K28a 2006
100 _aKavalalı, Murat
245 _aAvrupa Birliği'nin genişleme süreci
_bAB'nin beşinci genişlemesine ilişkin katılım antlaşmalarında yer alan geçiş düzenlemeleri
_cMurat Kavalalı
246 _aAB'nin beşinci genişlemesine ilişkin katılım antlaşmalarında yer alan geçiş düzenlemeleri
260 _aAnkara
_bDPT AB ile İlişkiler Genel Müdürlüğü,
_c2006
300 _aii, 161 s.
_bşkl. , tbl.;
_c26 sm.
610 _aDevlet Planlama Teşkilatı (DPT)
_bAB ile İlişkiler Müdürlüğü
_xdüzenlemeler
650 _aAvrupa Birliği
_xgenişleme süreci
942 _2dcc
_cBKS
999 _c5793
_d5793